| 000 | 00616nam a2200205 a 4500 | ||
|---|---|---|---|
| 001 | 5018 | ||
| 003 | CDMR | ||
| 005 | 20131204110655.0 | ||
| 008 | 130130s2004||||||||||||||||||||||||||||d | ||
| 020 | _a842521548X | ||
| 040 |
_aCDMR _bcat _cCDMR |
||
| 245 | 0 | 3 |
_aLa confusión de los géneros en fotografía _cValérie Picaudé, Philippe Arzaïbar (eds.) ; traducción de Cristina Zelich |
| 260 |
_aBarcelona _c2004 _bGustavo Gili |
||
| 300 |
_a207 p. _bil. |
||
| 490 | 0 | _aFotoGGrafia | |
| 650 | 4 | 0 |
_93096 _aFotografia |
| 700 | 1 |
_94440 _aPicaudé, Valérie _eed. |
|
| 700 | 1 |
_94441 _aArzaïbar, Philippe |
|
| 942 |
_cMON _2ddc |
||
| 999 |
_c5018 _d5018 |
||